[Event "Savigliano 6th"]
[Site "Savigliano"]
[Date "2007.06.02"]
[Round "3"]
[White "Blengino, Luca"]
[Black "Mennuti, Alberto"]
[Result "1-0"]
[WhiteElo "1854"]
[BlackElo "1710"]
[PlyCount "68"]
[EventDate "2007.05.31"]
[EventType "swiss"]
[EventRounds "6"]
[EventCountry "ITA"]
[SourceTitle "EXT 2009"]
[Source "ChessBase"]
[SourceDate "2008.11.26"]
[SourceVersion "1"]
[SourceVersionDate "2008.11.26"]
[SourceQuality "1"]

1. d4 d5 2. c4 c6 3. Nf3 Nf6 4. Nc3 e6 5. Bg5 dxc4 6. a4 Nbd7 7. e3 Qa5 8. Bxf6 Nxf6 9. Ne5 Bb4 10. Rc1 0-0 11. Bxc4 Bd6 12. f4 Nd5 13. Bxd5 exd5 14. 0-0 Re8 15. Qh5 Qc7 16. Nxd5 Qd8 17. Qxf7+ Kh8 18. Nc3 Be6 19. Qh5 Bxe5 20. fxe5 Bc4 21. Rf4 Rf8 22. Qd1 Qb6 23. Qd2 Rad8 24. Rxf8+ Rxf8 25. Ne4 Bd5 26. Nc5 Qc7 27. e4 b6 28. exd5 bxc5 29. Rxc5 Qf7 30. Rc1 Qxd5 31. Qc3 h6 32. Qc5 Qf7 33. h3 Qf2+ 34. Kh1 Qxb2 1-0